| 000 | 00448cam a22001934a 4500 | ||
|---|---|---|---|
| 005 | 20250605164259.0 | ||
| 008 | 250528s ||||||||||||||||||||||||d | ||
| 035 | _a21979 | ||
| 020 | _a9780131440777 | ||
| 040 |
_aGR-AtMCL _bgre _dGR-AtMCL _eAACR2 |
||
| 245 | 1 | _aSPORTS MARKETING | |
| 250 | _a3 | ||
| 260 |
_bPrentice Hall, _c2005 |
||
| 300 | _a500 | ||
| 700 | 1 |
_aShank Matthew D _94580 |
|
| 942 | _cBK | ||
| 999 |
_c7035 _d7035 |
||